Historia de la salvación y liturgia
Gorde:
| Egile nagusia: | |
|---|---|
| Formatua: | Liburua |
| Hizkuntza: | gaztelania |
| Argitaratua: |
Salamanca
Sígueme
1965
|
| Saila: | Estela, 24
|
| Gaiak: | |
| Etiketak: |
Etiketa erantsi
Etiketarik gabe, Izan zaitez lehena erregistro honi etiketa jartzen!
|
MARC
| LEADER | 00000cam a2200000 a 4500 | ||
|---|---|---|---|
| 001 | UCL2016 | ||
| 003 | CL-VaPUC | ||
| 008 | 031010e19650000SP |||||||||||||||||spa|d | ||
| 082 | 0 | 4 | |a 234 |b DAN |2 21 |
| 100 | 0 | |a Danielou, Jean |e author |9 479062 | |
| 245 | 1 | 0 | |a Historia de la salvación y liturgia |
| 300 | |a 127 p | ||
| 942 | |c BK | ||
| 945 | |d 20031010 00:00:00 |a rbrito | ||
| 260 | |a Salamanca |b Sígueme |c 1965 | ||
| 650 | 7 | |a SOTERIOLOGIA |2 CL-VaPUC |9 479063 | |
| 650 | 0 | |a Salvación |9 315007 | |
| 650 | 0 | |a Catequesis |9 314526 | |
| 583 | |a last modification |c 20181205 11:02:44 |k Rodrigo Vera | ||
| 490 | 0 | |a Estela, 24 | |
| 999 | |c 305443 |d 305441 | ||
| 952 | |0 0 |1 0 |4 0 |6 234_000000000000000_DAN_1965 |7 0 |8 A |9 369327 |a BIBTEO |b BIBTEO |d 2019-11-21 |i 2081903 |o 234 DAN 1965 |p 2081903 |r 2025-01-17 |w 2019-11-21 |y BK |k ICR | ||
| 952 | |0 0 |1 0 |3 erb |4 0 |6 234_000000000000000_DAN_1965 |7 0 |8 A |9 369328 |a BIBTEO |b BIBTEO |e Precht Pizarro, Jorge Enrique |i 552072K |o 234 DAN 1965 |p 552072K |r 2025-01-17 |w 2019-11-21 |y BK |z Catalogado en:20181207 |k ICR | ||